| 000 | 01086nam a2200241Ia 4500 | ||
|---|---|---|---|
| 001 | 242.1-MAR co qu (22608) | ||
| 003 | IT-MiSPE | ||
| 008 | 171229s9999||||xx |||||||||||||| ||und|| | ||
| 040 |
_aIT-MiSPE _cIT-MiSPE |
||
| 041 | _aITALIANO | ||
| 100 | _aColumba Marmion | ||
| 245 | 0 |
_aQuesta è la mia via _bAntologia dalle Lettere |
|
| 250 | _a1a ed. (v) | ||
| 260 |
_aMilano _bPaoline _c2014 |
||
| 300 |
_a491 p. _c20 cm |
||
| 490 |
_aLetture cristiane del II millennio _v52 |
||
| 501 | _aEdizioni San Paolo srl - Piazza Soncino, 5 - 20092 CINISELLO BALSAMO (MI) (non commercial uses only) ® Copyright 2018 | ||
| 520 | _aPaolo Maria Gionta (intr., note) | ||
| 700 |
_aPaolo Maria Gionta _g(traduzione) |
||
| 942 | _cBK | ||
| 957 | _71 | ||
| 999 |
_a17066 _bNO _g Copie: 1 _c342144 _d342144 |
||